| 000 | 00350nam a22001457a 4500 | ||
|---|---|---|---|
| 022 | _a978-93-82116-31-8 | ||
| 082 |
_a894.812.3 _bYUG/J |
||
| 100 | _aYUGO,VICTOR, IMMATTY GEORGE,- Tr. | ||
| 245 | _aJEENVALJEEN | ||
| 250 | _aFOURTH | ||
| 260 |
_aTHRISSUR _bH&C PUBLISHING HOUSE _c2012 |
||
| 300 | _a128 | ||
| 650 |
_aSHORT STORY _zKERALA |
||
| 942 | _cBK | ||
| 999 |
_c1416 _d1416 |
||